[Event "Bundesliga 9899"]
[Site "Deutschland"]
[Date "1999.01.30"]
[Round "8.2"]
[White "Beikert, Guenther"]
[Black "Khalifman, Alexander"]
[Result "0-1"]
[WhiteElo "2440"]
[BlackElo "2616"]
[PlyCount "72"]
[EventDate "1998.10.17"]
[EventType "team"]
[EventRounds "15"]
[EventCountry "GER"]
[SourceTitle "Bundesliga 9899"]
[Source "DeepChess"]
[SourceDate "2005.01.01"]
[SourceVersion "1"]
[SourceVersionDate "2005.01.01"]
[SourceQuality "1"]
[WhiteTeam "SK Viernheim"]
[BlackTeam "SG Porz e.V."]
[WhiteTeamCountry "GER"]
[BlackTeamCountry "GER"]

1. Nf3 Nf6 2. g3 g6 3. b3 Bg7 4. Bb2 O-O 5. Bg2 d6 6. d4 Nbd7 7. O-O Re8 8. Re1
e5 9. dxe5 Ng4 10. e4 Ndxe5 11. Nxe5 Nxe5 12. Qc1 c6 13. h3 Bxh3 14. Bxh3 Nf3+
15. Kf1 Bxb2 16. Qxb2 Nxe1 17. Kxe1 Rxe4+ 18. Kf1 Qg5 19. Nc3 Re7 20. Rd1 d5
21. b4 Rae8 22. b5 Qf6 23. Qb4 Re3 24. Rd3 Rxd3 25. cxd3 Qf3 26. Bg2 Qxd3+ 27.
Kg1 d4 28. Na4 Qd1+ 29. Kh2 Qh5+ 30. Kg1 Qxb5 31. Qxd4 Re1+ 32. Kh2 Qh5+ 33.
Bh3 Qd1 34. Qxa7 Rh1+ 35. Kg2 Qd5+ 36. f3 Ra1 0-1

[Event "Bundesliga 9899"]
[Site "Deutschland"]
[Date "1999.01.30"]
[Round "8.4"]
[White "Schulze, Ulrich"]
[Black "Andersson, Ulf"]
[Result "1/2-1/2"]
[WhiteElo "2360"]
[BlackElo "2623"]
[PlyCount "59"]
[EventDate "1998.10.17"]
[EventType "team"]
[EventRounds "15"]
[EventCountry "GER"]
[SourceTitle "Bundesliga 9899"]
[Source "DeepChess"]
[SourceDate "2005.01.01"]
[SourceVersion "1"]
[SourceVersionDate "2005.01.01"]
[SourceQuality "1"]
[WhiteTeam "SK Viernheim"]
[BlackTeam "SG Porz e.V."]
[WhiteTeamCountry "GER"]
[BlackTeamCountry "GER"]

1. Nf3 c5 2. g3 g6 3. Bg2 Bg7 4. c4 Nc6 5. Nc3 e6 6. d4 cxd4 7. Nb5 d5 8. cxd5
exd5 9. O-O a6 10. Nbxd4 Nge7 11. b3 Nxd4 12. Nxd4 O-O 13. Qd2 Bg4 14. Bb2 Qd7
15. Rac1 Rac8 16. Nf3 Bxb2 17. Qxb2 Bh3 18. Qd2 Bxg2 19. Kxg2 Rfe8 20. Nd4 Nf5
21. Rxc8 Rxc8 22. Rd1 Nxd4 23. Qxd4 Qe6 24. Qxd5 Qxe2 25. Qxb7 Rc2 26. Qf3
Qxf3+ 27. Kxf3 Rxa2 28. b4 Ra3+ 29. Kg2 Kf8 30. Rb1 1/2-1/2

[Event "Bundesliga 9899"]
[Site "Deutschland"]
[Date "1999.01.30"]
[Round "8.6"]
[White "Mandel, Andreas"]
[Black "Stangl, Markus"]
[Result "1-0"]
[WhiteElo "2360"]
[BlackElo "2545"]
[PlyCount "65"]
[EventDate "1998.10.17"]
[EventType "team"]
[EventRounds "15"]
[EventCountry "GER"]
[SourceTitle "Bundesliga 9899"]
[Source "DeepChess"]
[SourceDate "2005.01.01"]
[SourceVersion "1"]
[SourceVersionDate "2005.01.01"]
[SourceQuality "1"]
[WhiteTeam "SK Viernheim"]
[BlackTeam "SG Porz e.V."]
[WhiteTeamCountry "GER"]
[BlackTeamCountry "GER"]

1. d4 d5 2. c4 e6 3. Nf3 c6 4. Nc3 dxc4 5. e3 b5 6. a4 Bb4 7. Bd2 a5 8. axb5
Bxc3 9. Bxc3 cxb5 10. b3 Bb7 11. d5 Nf6 12. bxc4 b4 13. Bxf6 Qxf6 14. Qa4+ Nd7
15. Nd4 e5 16. Nb3 Ke7 17. Be2 Rhc8 18. O-O Nc5 19. Nxc5 Rxc5 20. f4 e4 21.
Rad1 Qc3 22. Kf2 Ra6 23. Rd4 f5 24. Rb1 Rh6 25. Qd1 Qa3 26. Rxe4+ Kd6 27. Re6+
Rxe6 28. dxe6+ Kxe6 29. Qd4 b3 30. Rd1 Bc8 31. Qd6+ Kf7 32. Rd5 b2 33. Rxc5 1-0

[Event "Bundesliga 9899"]
[Site "Deutschland"]
[Date "1999.01.30"]
[Round "8.7"]
[White "Vogt, Lothar"]
[Black "Grund, Holger"]
[Result "1/2-1/2"]
[WhiteElo "2466"]
[BlackElo "2390"]
[PlyCount "95"]
[EventDate "1998.10.17"]
[EventType "team"]
[EventRounds "15"]
[EventCountry "GER"]
[SourceTitle "Bundesliga 9899"]
[Source "DeepChess"]
[SourceDate "2005.01.01"]
[SourceVersion "1"]
[SourceVersionDate "2005.01.01"]
[SourceQuality "1"]
[WhiteTeam "SG Porz e.V."]
[BlackTeam "SK Viernheim"]
[WhiteTeamCountry "GER"]
[BlackTeamCountry "GER"]

1. e4 c6 2. c4 d5 3. exd5 cxd5 4. cxd5 Nf6 5. Nc3 Nxd5 6. Nf3 e6 7. d4 Be7 8.
Bd3 Nc6 9. O-O O-O 10. a3 Nf6 11. Be3 b6 12. Qe2 Bb7 13. Rad1 Rc8 14. Rfe1 Nd5
15. Nxd5 Qxd5 16. Bc4 Qh5 17. d5 Na5 18. Ba2 Bxd5 19. Bxd5 exd5 20. Bxb6 Nc6
21. Bxa7 Bxa3 22. bxa3 Nxa7 23. Qa2 Nb5 24. Rxd5 Nc3 25. Rxh5 Nxa2 26. Rhe5 g6
27. h4 Rc3 28. R5e3 Ra8 29. Re8+ Rxe8 30. Rxe8+ Kg7 31. Re3 Rc1+ 32. Re1 Rc3
33. Re3 Rc1+ 34. Ne1 Nc3 35. Kf1 f5 36. g3 Kf6 37. Kg2 Ne4 38. f3 Nd6 39. Re2
Nc4 40. Nd3 Ra1 41. Nf4 Rxa3 42. Nd5+ Kf7 43. Re7+ Kf8 44. Rxh7 Ra2+ 45. Kf1
Ne5 46. h5 Rd2 47. Ne3 g5 48. Nxf5 1/2-1/2

[Event "Bundesliga 9899"]
[Site "Deutschland"]
[Date "1999.01.30"]
[Round "8.8"]
[White "Kratochwil, Christian"]
[Black "Hort, Vlastimil"]
[Result "0-1"]
[WhiteElo "2280"]
[BlackElo "2526"]
[PlyCount "68"]
[EventDate "1998.10.17"]
[EventType "team"]
[EventRounds "15"]
[EventCountry "GER"]
[SourceTitle "Bundesliga 9899"]
[Source "DeepChess"]
[SourceDate "2005.01.01"]
[SourceVersion "1"]
[SourceVersionDate "2005.01.01"]
[SourceQuality "1"]
[WhiteTeam "SK Viernheim"]
[BlackTeam "SG Porz e.V."]
[WhiteTeamCountry "GER"]
[BlackTeamCountry "GER"]

1. c4 e5 2. g3 Nc6 3. Bg2 d6 4. Nc3 g6 5. e3 Bg7 6. Nge2 h5 7. h3 f5 8. h4 Nh6
9. d4 Bd7 10. Rb1 O-O 11. dxe5 dxe5 12. Nd5 e4 13. b3 Ne5 14. Ndf4 c6 15. O-O
Qe7 16. Bb2 Nhg4 17. Qc2 Rad8 18. Rbd1 Bc8 19. Nd4 Kh7 20. c5 Bh6 21. Rfe1 Qf7
22. Bc3 g5 23. hxg5 Bxg5 24. Nh3 Bh6 25. Ba5 Rde8 26. Kf1 h4 27. gxh4 Qh5 28.
Bc7 Rg8 29. Bxe5 Rxe5 30. f4 Qxh4 31. Re2 Re7 32. Ng5+ Bxg5 33. fxg5 Rxg5 34.
Qc3 Reg7 0-1

[Event "Bundesliga 9899"]
[Site "Deutschland"]
[Date "1999.01.30"]
[Round "8.3"]
[White "Georgiev, Vladimir"]
[Black "Hall, Jesper"]
[Result "1-0"]
[WhiteElo "2508"]
[BlackElo "2486"]
[PlyCount "77"]
[EventDate "1998.10.17"]
[EventType "team"]
[EventRounds "15"]
[EventCountry "GER"]
[SourceTitle "Bundesliga 9899"]
[Source "DeepChess"]
[SourceDate "2005.01.01"]
[SourceVersion "1"]
[SourceVersionDate "2005.01.01"]
[SourceQuality "1"]
[WhiteTeam "USC Magdeburg"]
[BlackTeam "SV Wattenscheid 1930"]
[WhiteTeamCountry "GER"]
[BlackTeamCountry "GER"]

1. d4 Nf6 2. c4 e6 3. Nc3 Bb4 4. e3 c5 5. Bd3 Nc6 6. Nge2 cxd4 7. exd4 d5 8.
cxd5 Nxd5 9. O-O O-O 10. Nxd5 Qxd5 11. a3 Be7 12. Be3 g6 13. Qc2 Bf6 14. Rfd1
Ne7 15. Nc3 Qd8 16. Be4 Bg7 17. d5 Nxd5 18. Nxd5 exd5 19. Rxd5 Qe8 20. Rd2 Be6
21. Qc7 Qb5 22. Rb1 Bf5 23. Bxf5 Qxf5 24. Rbd1 b6 25. b4 h5 26. h3 Rfc8 27. Qb7
Rcb8 28. Qd7 Qxd7 29. Rxd7 a5 30. b5 a4 31. Bf4 Rc8 32. Rb7 Rc4 33. g3 Bf8 34.
Rxb6 Bxa3 35. Ra6 Rxa6 36. bxa6 Bc5 37. Rc1 Rxc1+ 38. Bxc1 Kf8 39. Ba3 1-0

[Event "Bundesliga 9899"]
[Site "Deutschland"]
[Date "1999.01.30"]
[Round "8.5"]
[White "Proehl, Holger"]
[Black "Holzke, Frank"]
[Result "1-0"]
[WhiteElo "2401"]
[BlackElo "2447"]
[PlyCount "77"]
[EventDate "1998.10.17"]
[EventType "team"]
[EventRounds "15"]
[EventCountry "GER"]
[SourceTitle "Bundesliga 9899"]
[Source "DeepChess"]
[SourceDate "2005.01.01"]
[SourceVersion "1"]
[SourceVersionDate "2005.01.01"]
[SourceQuality "1"]
[WhiteTeam "USC Magdeburg"]
[BlackTeam "SV Wattenscheid 1930"]
[WhiteTeamCountry "GER"]
[BlackTeamCountry "GER"]

1. e4 e6 2. d4 d5 3. Nd2 Nf6 4. e5 Nfd7 5. Bd3 c5 6. c3 Nc6 7. Ne2 Qb6 8. Nf3
cxd4 9. cxd4 f6 10. exf6 Nxf6 11. O-O Bd6 12. Nc3 O-O 13. h3 Bd7 14. Re1 Kh8
15. Be3 Be8 16. Ng5 Bf7 17. a3 Bg8 18. b4 Qd8 19. Rc1 e5 20. dxe5 Bxe5 21. Bd2
a6 22. Na4 Qc7 23. Nc5 Rae8 24. Nf3 Bd6 25. Rxe8 Rxe8 26. Nxa6 bxa6 27. Qa4 Ne4
28. Rxc6 Qe7 29. Be3 d4 30. Nxd4 Rf8 31. Bxe4 Qxe4 32. Rxd6 Bd5 33. Rxd5 Qxd5
34. Qxa6 h6 35. b5 Qa2 36. b6 Qb1+ 37. Kh2 Qe4 38. b7 Rb8 39. Nc6 1-0

[Event "Bundesliga 9899"]
[Site "Deutschland"]
[Date "1999.01.30"]
[Round "8.6"]
[White "Koehn, Peter"]
[Black "Naumann, Alexander"]
[Result "0-1"]
[WhiteElo "2350"]
[BlackElo "2480"]
[PlyCount "84"]
[EventDate "1998.10.17"]
[EventType "team"]
[EventRounds "15"]
[EventCountry "GER"]
[SourceTitle "Bundesliga 9899"]
[Source "DeepChess"]
[SourceDate "2005.01.01"]
[SourceVersion "1"]
[SourceVersionDate "2005.01.01"]
[SourceQuality "1"]
[WhiteTeam "SV Wattenscheid 1930"]
[BlackTeam "USC Magdeburg"]
[WhiteTeamCountry "GER"]
[BlackTeamCountry "GER"]

1. Nf3 Nf6 2. c4 g6 3. b4 Bg7 4. Bb2 O-O 5. e3 d6 6. d4 Nbd7 7. Be2 e5 8. Nc3
Re8 9. a4 exd4 10. exd4 Nf8 11. O-O Ne6 12. Qd2 Nh5 13. g3 a5 14. b5 b6 15. Nd5
Bb7 16. Rab1 Nf6 17. Nxf6+ Bxf6 18. Rbc1 Bg7 19. Ba1 Qe7 20. Rfe1 Qf8 21. Rcd1
d5 22. Ne5 Rad8 23. Bf3 Ba8 24. c5 bxc5 25. dxc5 Nxc5 26. Qa2 Qd6 27. Nc6 Rxe1+
28. Rxe1 Bxc6 29. Bxg7 Kxg7 30. bxc6 Qxc6 31. Rc1 Qf6 32. Rxc5 Qxf3 33. Rxc7 d4
34. Qd2 d3 35. Re7 Qf6 36. Re4 Rd5 37. h4 h5 38. Rf4 Qe5 39. Kg2 Rd8 40. Kf1
Qd5 41. Kg1 Kg8 42. Rf6 Rb8 0-1

[Event "Bundesliga 9899"]
[Site "Deutschland"]
[Date "1999.01.30"]
[Round "8.7"]
[White "Machelett, Heiko"]
[Black "Straeter, Timo"]
[Result "1-0"]
[WhiteElo "2436"]
[BlackElo "2313"]
[PlyCount "81"]
[EventDate "1998.10.17"]
[EventType "team"]
[EventRounds "15"]
[EventCountry "GER"]
[SourceTitle "Bundesliga 9899"]
[Source "DeepChess"]
[SourceDate "2005.01.01"]
[SourceVersion "1"]
[SourceVersionDate "2005.01.01"]
[SourceQuality "1"]
[WhiteTeam "USC Magdeburg"]
[BlackTeam "SV Wattenscheid 1930"]
[WhiteTeamCountry "GER"]
[BlackTeamCountry "GER"]

1. d4 Nf6 2. c4 e6 3. Nc3 d5 4. cxd5 exd5 5. Bg5 c6 6. e3 Be7 7. Bd3 O-O 8. Qc2
Nbd7 9. Nf3 Re8 10. O-O Nf8 11. Rab1 a5 12. a3 Bd6 13. Rfc1 Bg4 14. Nd2 Bh5 15.
Nf1 Bg6 16. b4 axb4 17. axb4 Ra3 18. Bxg6 Nxg6 19. Na4 Qa8 20. Nc5 Ne4 21. Nxe4
dxe4 22. Ng3 Ra2 23. Qb3 h6 24. Nf5 Bxh2+ 25. Kxh2 hxg5 26. Kg1 Nh4 27. Ng3 Rd2
28. b5 Qc8 29. bxc6 bxc6 30. Qc3 Rd3 31. Qc5 Qg4 32. Qxc6 Re6 33. Qd7 Nxg2 34.
Kxg2 Qf3+ 35. Kg1 Rd2 36. Rf1 Rxf2 37. Rxf2 Qxg3+ 38. Kf1 Qh3+ 39. Ke2 Qh5+ 40.
Kd2 g4 41. Rb5 1-0

[Event "Bundesliga 9899"]
[Site "Deutschland"]
[Date "1999.01.30"]
[Round "8.8"]
[White "Sandkamp, Ralph"]
[Black "Kapischka, Jens"]
[Result "1-0"]
[WhiteElo "2271"]
[BlackElo "2315"]
[PlyCount "37"]
[EventDate "1998.10.17"]
[EventType "team"]
[EventRounds "15"]
[EventCountry "GER"]
[SourceTitle "Bundesliga 9899"]
[Source "DeepChess"]
[SourceDate "2005.01.01"]
[SourceVersion "1"]
[SourceVersionDate "2005.01.01"]
[SourceQuality "1"]
[WhiteTeam "SV Wattenscheid 1930"]
[BlackTeam "USC Magdeburg"]
[WhiteTeamCountry "GER"]
[BlackTeamCountry "GER"]

1. Nf3 Nf6 2. g3 g6 3. b3 Bg7 4. Bb2 O-O 5. Bg2 d6 6. d4 c6 7. O-O Bg4 8. Nbd2
Qc7 9. e4 Nbd7 10. Re1 e5 11. dxe5 dxe5 12. Nc4 Rfe8 13. Qd6 Qxd6 14. Nxd6 Re6
15. Nxb7 Bf8 16. Bc3 Bxf3 17. Bxf3 Rb8 18. Na5 Nb6 19. Bg2 1-0

[Event "Bundesliga 9899"]
[Site "Deutschland"]
[Date "1999.01.31"]
[Round "9.1"]
[White "Hodgson, Julian M"]
[Black "Schlosser, Philipp"]
[Result "1-0"]
[WhiteElo "2565"]
[BlackElo "2511"]
[PlyCount "95"]
[EventDate "1998.10.17"]
[EventType "team"]
[EventRounds "15"]
[EventCountry "GER"]
[SourceTitle "Bundesliga 9899"]
[Source "DeepChess"]
[SourceDate "2005.01.01"]
[SourceVersion "1"]
[SourceVersionDate "2005.01.01"]
[SourceQuality "1"]
[WhiteTeam "Delmenhorster SK 1931"]
[BlackTeam "SK Passau 1869"]
[WhiteTeamCountry "GER"]
[BlackTeamCountry "GER"]

1. d4 d5 2. c4 e6 3. Nc3 c6 4. e4 dxe4 5. Nxe4 Bb4+ 6. Bd2 Qxd4 7. Bxb4 Qxe4+
8. Be2 Nd7 9. Nf3 c5 10. Bc3 Ngf6 11. Qd6 Qc6 12. Qg3 O-O 13. O-O-O e5 14. Nxe5
Nxe5 15. Bxe5 Bf5 16. Rd6 Qa4 17. Bd3 Bxd3 18. Qxd3 Ng4 19. Bc3 Rae8 20. Rd5 f6
21. Rxc5 Nxf2 22. Qd5+ Kh8 23. Ra5 Qc6 24. Qxc6 bxc6 25. Rg1 Re2 26. Rxa7 Nd3+
27. Kb1 Nxb2 28. Bxb2 Rb8 29. Ka1 Rexb2 30. Ra8 Kg8 31. Rxb8+ Rxb8 32. Rb1 Rd8
33. Rb6 Rd2 34. a4 Rxg2 35. Rb2 Rg5 36. Ka2 Ra5 37. Ka3 Kf7 38. Kb4 Ra7 39. Ra2
Ke6 40. Kc5 Kd7 41. Kb6 Ra8 42. Rd2+ Kc8 43. a5 Rb8+ 44. Kxc6 Ra8 45. Re2 Ra6+
46. Kb5 Ra7 47. a6 Rc7 48. c5 1-0

[Event "Bundesliga 9899"]
[Site "Deutschland"]
[Date "1999.01.31"]
[Round "9.3"]
[White "Conquest, Stuart"]
[Black "Schmidt, Peter"]
[Result "1-0"]
[WhiteElo "2488"]
[BlackElo "2412"]
[PlyCount "154"]
[EventDate "1998.10.17"]
[EventType "team"]
[EventRounds "15"]
[EventCountry "GER"]
[SourceTitle "Bundesliga 9899"]
[Source "DeepChess"]
[SourceDate "2005.01.01"]
[SourceVersion "1"]
[SourceVersionDate "2005.01.01"]
[SourceQuality "1"]
[WhiteTeam "Delmenhorster SK 1931"]
[BlackTeam "SK Passau 1869"]
[WhiteTeamCountry "GER"]
[BlackTeamCountry "GER"]

1. e4 d6 2. d4 Nf6 3. Nc3 g6 4. Bg5 Bg7 5. Qe2 c6 6. O-O-O Qa5 7. f4 O-O 8. a3
c5 9. dxc5 Qxc5 10. Nf3 Nc6 11. Bh4 Be6 12. Bf2 Qa5 13. Be1 Rfc8 14. h3 b5 15.
Qxb5 Qc7 16. Ng5 Bd7 17. Qc4 Be8 18. Qa2 Rab8 19. Ba6 Rd8 20. Rf1 h6 21. Nf3
Nxe4 22. Bd3 Nxc3 23. Bxc3 Bxc3 24. bxc3 d5 25. f5 g5 26. Rde1 Rb7 27. Nd2 Ne5
28. Qa1 f6 29. Kd1 Ba4 30. Re3 Nxd3 31. Rxd3 Bb5 32. c4 Bxc4 33. Nxc4 dxc4 34.
Rxd8+ Qxd8+ 35. Ke2 Qd5 36. Kf2 Qd2+ 37. Kg1 c3 38. Qa2+ Kg7 39. Qe6 Qd6 40.
Qc8 Rc7 41. Qe8 Qd2 42. Qg6+ Kh8 43. Qxh6+ Kg8 44. Qg6+ Kh8 45. Qh6+ Kg8 46.
Qg6+ Kf8 47. Qh5 Rd7 48. Rb1 Rd8 49. Kh2 Kg7 50. Qg6+ Kf8 51. Qh5 Kg7 52. Kh1
Qf2 53. Qg6+ Kf8 54. Qh7 Qh4 55. Qxh4 gxh4 56. Rb3 Rc8 57. Rb4 Rc5 58. Rxh4
Rxf5 59. Rc4 Kf7 60. Rxc3 Ke6 61. Kh2 Kd5 62. g4 Rf1 63. h4 e5 64. h5 Ke6 65.
h6 Kf7 66. Rc7+ Kg8 67. c4 a5 68. c5 Kh8 69. Kg3 e4 70. Re7 Rc1 71. Kf4 Rxc5
72. Kxe4 Kg8 73. Kd4 Rb5 74. Rg7+ Kh8 75. Rf7 a4 76. Rxf6 Kh7 77. g5 Rb7 1-0

[Event "Bundesliga 9899"]
[Site "Deutschland"]
[Date "1999.01.31"]
[Round "9.4"]
[White "Wells, Peter K"]
[Black "Gisbrecht, Ewgeni"]
[Result "1/2-1/2"]
[WhiteElo "2492"]
[BlackElo "2405"]
[PlyCount "125"]
[EventDate "1998.10.17"]
[EventType "team"]
[EventRounds "15"]
[EventCountry "GER"]
[SourceTitle "Bundesliga 9899"]
[Source "DeepChess"]
[SourceDate "2005.01.01"]
[SourceVersion "1"]
[SourceVersionDate "2005.01.01"]
[SourceQuality "1"]
[WhiteTeam "SK Passau 1869"]
[BlackTeam "Delmenhorster SK 1931"]
[WhiteTeamCountry "GER"]
[BlackTeamCountry "GER"]

1. e4 c5 2. Nf3 Nf6 3. e5 Nd5 4. g3 d6 5. Bg2 e6 6. O-O Nc6 7. exd6 Bxd6 8. d4
O-O 9. dxc5 Bxc5 10. Qe2 Re8 11. Nbd2 Bd7 12. Rd1 Qc7 13. Ne4 Bf8 14. c4 Nf6
15. Nfg5 Nxe4 16. Qxe4 f5 17. Bf4 Qc8 18. Qd3 Rd8 19. Qxf5 exf5 20. Bd5+ Be6
21. Bxe6+ Qxe6 22. Nxe6 Rxd1+ 23. Rxd1 Re8 24. Nxf8 Rxf8 25. Kf1 Re8 26. Rd7
Re7 27. Rxe7 Nxe7 28. Be5 g6 29. Ke2 Kf7 30. Ke3 Ke6 31. Bc3 Nc8 32. Bd4 Nd6
33. Kd3 a6 34. a4 g5 35. c5 Nf7 36. Kc4 g4 37. b4 Ng5 38. Be3 Nf3 39. Bf4 Kd7
40. Kd5 Nxh2 41. b5 axb5 42. axb5 Nf3 43. Bh6 Kc7 44. c6 bxc6+ 45. bxc6 Kc8 46.
Kd6 Kd8 47. Bf4 h5 48. c7+ Kc8 49. Ke6 Nh2 50. Kxf5 Kd7 51. Kg5 Kc8 52. Kxh5
Kd7 53. Kg5 Kc8 54. Kf5 Kd7 55. Bd6 Kc8 56. Ke4 Kd7 57. Be5 Kc8 58. Kf5 Kd7 59.
Kf4 Kc8 60. Ke4 Kd7 61. Kf5 Kc8 62. Bf4 Kd7 63. Kg5 1/2-1/2

[Event "Bundesliga 9899"]
[Site "Deutschland"]
[Date "1999.01.31"]
[Round "9.6"]
[White "Pichler, Juergen"]
[Black "Borik, Otto"]
[Result "1-0"]
[WhiteElo "2395"]
[BlackElo "2415"]
[PlyCount "180"]
[EventDate "1998.10.17"]
[EventType "team"]
[EventRounds "15"]
[EventCountry "GER"]
[SourceTitle "Bundesliga 9899"]
[Source "DeepChess"]
[SourceDate "2005.01.01"]
[SourceVersion "1"]
[SourceVersionDate "2005.01.01"]
[SourceQuality "1"]
[WhiteTeam "SK Passau 1869"]
[BlackTeam "Delmenhorster SK 1931"]
[WhiteTeamCountry "GER"]
[BlackTeamCountry "GER"]

1. d4 Nf6 2. c4 c5 3. d5 b5 4. cxb5 a6 5. b6 d6 6. Nc3 Nbd7 7. e4 Qxb6 8. Nf3
g6 9. Be2 Bg7 10. Nd2 O-O 11. Nc4 Qc7 12. Bg5 Nb6 13. Ne3 Bd7 14. O-O Bb5 15.
Rc1 Rfb8 16. b3 Nbd7 17. Qc2 Bxe2 18. Qxe2 Nb6 19. Kh1 Qb7 20. f4 a5 21. Qf3
Rf8 22. a4 Nc8 23. Rb1 Rb8 24. Nc4 Qa6 25. Nb5 Ne8 26. f5 Rxb5 27. axb5 Qxb5
28. Rfc1 a4 29. bxa4 Qxa4 30. Rb8 Nf6 31. fxg6 hxg6 32. Rb7 Qa6 33. Rb3 Qa4 34.
Ra3 Qb4 35. h3 Nb6 36. Rb3 Qxc4 37. Rxc4 Nxc4 38. Qe2 Ne5 39. Rb7 Re8 40. Qb5
Kf8 41. Kg1 c4 42. Kf1 c3 43. Ke2 c2 44. Rb8 Rxb8 45. Qxb8+ Ne8 46. Qc8 f6 47.
Be3 Nf7 48. Qxc2 Bh6 49. Bb6 Bf4 50. Qc8 Be5 51. Kd3 Nh6 52. Be3 Ng8 53. Kc4
Kf7 54. h4 Ng7 55. g4 Bg3 56. h5 g5 57. Kd3 Be5 58. Ke2 Bg3 59. Kf3 Be5 60. Bb6
Bf4 61. Bd8 Be5 62. Qd7 Kf8 63. h6 Nxh6 64. Bxe7+ Kg8 65. Bxd6 Nf7 66. Qc8+ Kh7
67. Be7 Kg6 68. Qf8 Bf4 69. d6 Ne5+ 70. Ke2 Nxg4 71. d7 Bc7 72. Bd6 Ba5 73. Kf3
Nh6 74. Qa8 Bb6 75. Qb8 Ba5 76. Bb4 g4+ 77. Kg2 Bxb4 78. d8=Q Bc3 79. Qf8 Be5
80. Qa7 Nh5 81. Qe8+ Kg5 82. Qh7 Nf4+ 83. Kh1 g3 84. Qg7+ Kh4 85. Qxh6+ Kg4 86.
Qd7+ Kf3 87. Qd1+ Kxe4 88. Qh7+ Ke3 89. Qhc2 g2+ 90. Kg1 f5 1-0

[Event "Bundesliga 9899"]
[Site "Deutschland"]
[Date "1999.01.31"]
[Round "9.7"]
[White "Beckemeier, Werner"]
[Black "Schlingensiepen, Christian"]
[Result "1/2-1/2"]
[WhiteElo "2373"]
[BlackElo "2340"]
[PlyCount "51"]
[EventDate "1998.10.17"]
[EventType "team"]
[EventRounds "15"]
[EventCountry "GER"]
[SourceTitle "Bundesliga 9899"]
[Source "DeepChess"]
[SourceDate "2005.01.01"]
[SourceVersion "1"]
[SourceVersionDate "2005.01.01"]
[SourceQuality "1"]
[WhiteTeam "Delmenhorster SK 1931"]
[BlackTeam "SK Passau 1869"]
[WhiteTeamCountry "GER"]
[BlackTeamCountry "GER"]

1. e4 e5 2. Bc4 Nc6 3. Nc3 Nf6 4. d3 Bc5 5. Nf3 d6 6. Bg5 h6 7. Bxf6 Qxf6 8.
Nd5 Qd8 9. c3 a6 10. d4 exd4 11. cxd4 Ba7 12. h3 O-O 13. O-O b5 14. Bb3 Bb7 15.
Rc1 Rc8 16. Ne3 Ne7 17. d5 Bxe3 18. fxe3 c5 19. dxc6 Rxc6 20. Rxc6 Nxc6 21. Nd4
Ne5 22. Rf4 Ng6 23. Rg4 Ne5 24. Rf4 Ng6 25. Rg4 Ne5 26. Rf4 1/2-1/2

[Event "Bundesliga 9899"]
[Site "Deutschland"]
[Date "1999.01.31"]
[Round "9.8"]
[White "Gross, David2"]
[Black "Jugelt, Tobias"]
[Result "1-0"]
[WhiteElo "2371"]
[BlackElo "2363"]
[PlyCount "65"]
[EventDate "1998.10.17"]
[EventType "team"]
[EventRounds "15"]
[EventCountry "GER"]
[SourceTitle "Bundesliga 9899"]
[Source "DeepChess"]
[SourceDate "2005.01.01"]
[SourceVersion "1"]
[SourceVersionDate "2005.01.01"]
[SourceQuality "1"]
[WhiteTeam "SK Passau 1869"]
[BlackTeam "Delmenhorster SK 1931"]
[WhiteTeamCountry "GER"]
[BlackTeamCountry "GER"]

1. e4 c5 2. Nf3 Nf6 3. e5 Nd5 4. Nc3 Nxc3 5. dxc3 Nc6 6. Bc4 e6 7. Bf4 Qc7 8.
Qd2 h6 9. h4 b6 10. O-O-O Bb7 11. Rhe1 O-O-O 12. h5 Ne7 13. Qd3 Kb8 14. Ba6 Nc8
15. Bxb7 Kxb7 16. c4 Qc6 17. Qe3 a6 18. Kb1 b5 19. Qe2 Nb6 20. Nd2 Be7 21. cxb5
axb5 22. c4 b4 23. Ne4 Ra8 24. b3 f5 25. exf6 gxf6 26. Bd6 Bxd6 27. Rxd6 Qc7
28. Qf3 f5 29. Nxc5+ Ka7 30. Re5 Rh7 31. Qd3 Rc8 32. Qd4 Ka8 33. Nxe6 1-0

[Event "Bundesliga 9899"]
[Site "Deutschland"]
[Date "1999.01.31"]
[Round "9.2"]
[White "Krasenkow, Michal"]
[Black "Lanka, Zigurds"]
[Result "1/2-1/2"]
[WhiteElo "2643"]
[BlackElo "2521"]
[PlyCount "98"]
[EventDate "1998.10.17"]
[EventType "team"]
[EventRounds "15"]
[EventCountry "GER"]
[SourceTitle "Bundesliga 9899"]
[Source "DeepChess"]
[SourceDate "2005.01.01"]
[SourceVersion "1"]
[SourceVersionDate "2005.01.01"]
[SourceQuality "1"]
[WhiteTeam "SG Bochum 31"]
[BlackTeam "Dresdner SC 1898"]
[WhiteTeamCountry "GER"]
[BlackTeamCountry "GER"]

1. d4 Nf6 2. Nf3 g6 3. c4 Bg7 4. Nc3 d6 5. e4 O-O 6. h3 e5 7. d5 a5 8. Bg5 Na6
9. Nd2 Bd7 10. Be2 c6 11. h4 Nc5 12. h5 a4 13. h6 Bh8 14. b4 axb3 15. Nxb3 Qb6
16. Nxc5 Qxc5 17. Be3 Qa3 18. Qd2 Rfb8 19. O-O c5 20. Rab1 Qa5 21. Rb3 Ne8 22.
Rfb1 Ra7 23. R1b2 Qd8 24. Qc1 Bf6 25. Bd1 Qc8 26. Bg5 Qd8 27. Be3 Qc8 28. Bg5
Qd8 29. Bd2 Qc8 30. Qb1 Bd8 31. Ne2 b6 32. Nc3 Rba8 33. Qc1 Ra3 34. Bg5 Rxb3
35. Rxb3 Ra6 36. Be2 Kf8 37. Bd1 Bf6 38. Bxf6 Nxf6 39. Qg5 Ng8 40. f4 f6 41.
Qh4 Qe8 42. g3 exf4 43. gxf4 Qe7 44. Rb2 Ra3 45. Bb3 b5 46. Nxb5 Bxb5 47. cxb5
Qxe4 48. b6 Qb4 49. Qh3 f5 1/2-1/2

[Event "Bundesliga 9899"]
[Site "Deutschland"]
[Date "1999.01.31"]
[Round "9.3"]
[White "Maiwald, Jens Uwe"]
[Black "Keitlinghaus, Ludger"]
[Result "0-1"]
[WhiteElo "2467"]
[BlackElo "2471"]
[PlyCount "64"]
[EventDate "1998.10.17"]
[EventType "team"]
[EventRounds "15"]
[EventCountry "GER"]
[SourceTitle "Bundesliga 9899"]
[Source "DeepChess"]
[SourceDate "2005.01.01"]
[SourceVersion "1"]
[SourceVersionDate "2005.01.01"]
[SourceQuality "1"]
[WhiteTeam "Dresdner SC 1898"]
[BlackTeam "SG Bochum 31"]
[WhiteTeamCountry "GER"]
[BlackTeamCountry "GER"]

1. g3 c5 2. Bg2 g6 3. e4 Bg7 4. d3 Nc6 5. f4 d6 6. Nf3 e5 7. O-O Nge7 8. c3 h6
9. Na3 Be6 10. Be3 exf4 11. gxf4 f5 12. Qe2 O-O 13. e5 Nd5 14. d4 Nxe3 15. Qxe3
cxd4 16. cxd4 Qb6 17. exd6 Nxd4 18. Kh1 Bd5 19. Rad1 Bxf3 20. Bxf3 Rae8 21. Qf2
Qc5 22. Rd3 Rd8 23. Rfd1 Rxd6 24. b4 Qxb4 25. Nc2 Qc5 26. Rxd4 Bxd4 27. Rxd4
Rxd4 28. Qxd4 Qxc2 29. Bd5+ Kh7 30. Qe5 Qd1+ 31. Kg2 Qg4+ 32. Kf1 Qh4 0-1